Biblioteca

Del "nunca más" del sufrimiento, al "todavia no" de la esperanza : (Registro nro. 50130)

Detalles MARC
000 -LÍDER
Campo fijo de descripción fija 00662aas a2200181 4500
001 - NÚMERO DE CONTROL
Campo de control 768714001
003 - IDENTIFICADOR DEL NÚMERO DE CONTROL
Campo de control CO-MdFUSB
005 - FECHA Y HORA DE LA ULTIMA TRANSACCIÓN
control field 20170913114134.0
008 - ELEMENTOS DE LONGITUD FIJA -- INFORMACIÓN GENERAL
Campo fijo de descripción fija -- Información general 170913b xxu||||| |||| 00| 0 eng d
022 ## - NÚMERO INTERNACIONAL NORMALIZADO PARA PUBLICACIONES SERIADAS
Número Internacional Normalizado para Publicaciones Seriadas 0326-6737
040 ## - FUENTE DE CATALOGACIÓN
Agencia Catalogadora CO-MdFUSB
Idioma de catalogación spa
Agencia que realiza la transcripción CO-MdFUSB
Agencia que realiza la modificación CO-MdFUSB
041 ## - CÓDIGO DE IDIOMA
Código de idioma para texto/pista de sonido o título separado spa
100 1# - ASIENTO PRINCIPAL--NOMBRE PERSONAL
Nombre personal Croatto, José Severino
Término relacionador autor
245 10 - TÍTULO
Título Del "nunca más" del sufrimiento, al "todavia no" de la esperanza :
Subtitulo comentario exegético de Isaías 65,17-25
Mención de responsabilidad / Croatto, José Severino
300 ## - DESCRIPCIÓN FÍSICA
Extensión Volumen 19 (2000), páginas 37-48
Dimensiones : 23 cm.
773 0# - ASIENTO DE ITEM FUENTE
Título Cuadernos de Teología
Biblionumber 49404
Itemnumber 59702
Parte(s) relacionada(s) / Volumen., número. (mes año), páginas Volumen 19 (2000), páginas 37-48
Enumeración y primera página Página 37
942 ## - TIPO DE MATERIAL (KOHA)
Tipo de Item KOHA Artículos de Revista
Existencias
Expurgo - (Retirado) Estado de Perdido Estado de Dañado No prestable Colección Ubicación habitual Ubicación actual Fecha de Adquisición Signatura Topográfica Tipo de Material
        Colección de Hemeroteca Biblioteca FUSBC Biblioteca FUSBC 26/01/2016 Artículos de Revista

Biblioteca FUSBC | Teléfono: (57+4) 349 88 10 Ext. 141| WhatsApp (+57) 3005338115 
E-mail: biblioteca@unisbc.edu.co | Calle 76 87-14 Robledo Palenque, Medellín, Colombia

Con tecnología Koha